000 01206nam a22003497a 4500
003 CHAP
005 20220329134025.0
008 971013s1983 r 00010 d
010 _a14258
011 _a15230
035 _a19305
040 _cCHAP
090 _aTesis
100 0 0 _aGonzález Ramírez, Oscar Alberto.
_949316
245 _aEvaluación comparativa de dos métodos para inducción de lactancia en vacas Holstein de desecho
260 _a(Monterrey, N.L.) :
_bEl autor,
_c1983
300 _a71 h.
_b: ilus. : gráfs
502 _aTesis (Ing. Agrónomo Zootecnista) -- ITESM. Div. de Ciencias Agropecuarias y Marítimas
590 _aALEPH
_b10
_c20130110
_lUCH01
_h1235
590 _aBATCH-UPD
_b10
_c20130110
_lUCH01
_h0022
590 _aBATCH-UPD
_b10
_c20130110
_lUCH01
_h1817
590 _aBATCH-UPD
_b10
_c20130409
_lUCH01
_h2002
590 _aBATCH-UPD
_b10
_c20130410
_lUCH01
_h1151
590 _aBATCH-UPD
_b10
_c20130914
_lUCH01
_h1511
590 _aCONVERSION
_b10
_c20130109
_lUCH01
_h1309
650 1 4 _aGanado Holstein.
_945133
650 1 4 _aLactancia.
_964346
650 1 4 _aLeche
_xProducción.
_965400
901 _aBK
942 _cTESIS
949 _bBC
_cTES
_d-44845
_eTS1
_i19305
_si
999 _c14258
_d14258